Online
Catalog

Obra Poética / (Record no. 40338)

MARC details
000 -CABECERA
campo de control de longitud fija 00665nam a2200193 a 4500
001 - NÚMERO DE CONTROL
campo de control 000040848
005 - FECHA Y HORA DE LA ÚLTIMA TRANSACCIÓN
campo de control 20201002034426.0
008 - DATOS DE LONGITUD FIJA--INFORMACIÓN GENERAL
campo de control de longitud fija 130909p2005 pr 000 0 spa d
020 ## - NÚMERO INTERNACIONAL ESTÁNDAR DEL LIBRO
Número Internacional Estándar del Libro 0865816069
040 ## - FUENTE DE LA CATALOGACIÓN
Centro catalogador/agencia de origen DO-SdBNP
Lengua de catalogación spa
Centro/agencia transcriptor BNPHU
082 ## - NÚMERO DE LA CLASIFICACIÓN DECIMAL DEWEY
Número de clasificación xxxx
Número de documento/Ítem xxxx
100 1# - ENTRADA PRINCIPAL--NOMBRE DE PERSONA
Nombre de persona Corretjer, Juan Antonio
9 (RLIN) 11318
245 10 - MENCIÓN DE TÍTULO
Título Obra Poética /
Mención de responsabilidad, etc. Juan Antonio Corretjer ; prólogo.
250 ## - MENCIÓN DE EDICIÓN
Mención de edición 2a ed. revisada y ampliada
260 ## - PUBLICACIÓN, DISTRIBUCIÓN, ETC.
Lugar de publicación, distribución, etc. San Juan, Puerto Rico, :
Nombre del editor, distribuidor, etc. Instituto de cultura puertorriqueña,
Fecha de publicación, distribución, etc. 2005.
300 ## - DESCRIPCIÓN FÍSICA
Extensión lii, 543 p. ;
Dimensiones 23 cm.
504 ## - NOTA DE BIBLIOGRAFÍA, ETC.
Nota de bibliografía, etc. Incluye referencias bibliográficas y notas al pie de las páginas
700 1# - PUNTO DE ACCESO ADICIONAL--NOMBRE DE PERSONA
Nombre de persona Vega, José Luis,
Término indicativo de función/relación pról.
9 (RLIN) 14961
Holdings
Estado de retiro Estado de pérdida Restricciones de uso No para préstamo Código de colección Localización permanente Ubicación/localización actual Ubicación en estantería Fecha de adquisición Número de inventario Total de préstamos Signatura topográfica completa Código de barras Fecha visto por última vez Precio válido a partir de Tipo de ítem Koha
      Excluido de préstamo Monografías: Libros y Folletos General General Depósito 09.09.2013 LF1   xxxx xxxx 40848-10 25.06.2020 25.06.2020 No se presta

Powered by Koha